000 00243nam a2200097Ia 4500
001 1194414
005 20250827021729.0
008 250824s9999 xx 000 0 und d
245 0 _aMOĞOL
_cAHMET HALDUN TERZİOĞLU
260 _bPANAMA YAYINLARI
999 _c1194414
_d1194414